[Event "GCT Cote d Ivoire Blitz 2019"]
[Site "Abidjan"]
[Date "2019.05.11"]
[Round "9"]
[White "Nepomniachtchi, Ian"]
[Black "Vachier-Lagrave, Maxime"]
[Result "1/2-1/2"]
[WhiteElo "2776"]
[BlackElo "2792"]
[Annotator "TA"]
[PlyCount "142"]
[EventDate "2019.05.05"]
[EventType "tourn"]
[EventCountry "IVO"]
[SourceTitle "playchess.com"]
[Source "ChessBase"]
[SourceQuality "1"]

{[%evp 17,142,10,29,0,0,0,0,10,7,15,0,5,8,0,7,0,0,0,22,22,21,27,33,10,27,6,12,0,0,3,10,-13,58,20,31,24,14,-23,-2,-4,-12,-25,-27,-148,-141,-157,-104,-147,-110,-125,-97,-91,-93,-92,-89,-170,-83,-80,-80,-80,-97,-136,-139,-175,-160,-159,-75,-139,-120,-120,-129,-170,-164,-170,-170,-166,-162,-170,-158,-191,-191,-191,-186,-191,-184,-181,-157,-188,-177,-177,-170,-169,-88,-169,-169,-164,-162,-162,-130,-169,-162,-187,-75,-75,0,0,0,-75,0,-157,0,0,0,0,0,0,0,0,0,0,0,0,0,0,0,0,0]} 1. e4 c5 2. Nf3 d6 3. d4 cxd4 4. Nxd4 Nf6 5. Nc3 a6 6. g3 e5 7. Nb3 Be7 8. Bg2 O-O 9. O-O b5 10. a4 {B91: Sicilian Najdorf: 6 g3} b4 11. Nd5 Nxd5 12. Qxd5 Ra7 13. Be3 Be6 14. Qd3 Rb7 15. Rfc1 Qc7 {[#]} 16. a5 $146 ({Predecessor:} 16. c3 Bc4 17. Qc2 Be6 {1-0 (35) Ponomariov,R (2734)-Safarli,E (2620) Istanbul 2012}) 16... Nd7 17. Bf1 Ra8 18. Nd2 Nc5 19. Bxc5 dxc5 20. Nc4 Rd8 21. Qe3 Rd4 22. Nb6 {Hoping for c3.} c4 23. c3 bxc3 24. Qxc3 {[%cal Rf1c4]} Rxe4 (24... Qd8 $11) 25. Bxc4 (25. Nxc4 $5 {[%cal Rc3f3]} Rd4 26. Nb6 Qxc3 27. bxc3 $14) 25... Bxc4 26. Nxc4 {Qf3 is the strong threat.} Rb5 27. b3 (27. Ne3 $5 {[%cal Rc3c7]} Rc5 28. Nd5 $1 {[%mdl 512]} Rxc3 29. Nxc7 Rxc1+ 30. Rxc1 $14) 27... g6 28. Qf3 Qb7 29. Nd2 Rd4 30. Qe3 (30. Qxb7 $11 {remains equal.} Rxb7 31. Ra2) 30... Kg7 $1 $17 31. Rc2 h6 (31... h5 $142 32. Rb1 Qd5) 32. Re1 Bg5 33. Qe2 Bxd2 34. Rxd2 Rxa5 35. Rxd4 exd4 {[%mdl 4096] Endgame KQR-KQR} 36. Rd1 (36. Qc4 $17 {might work better.}) 36... Rd5 (36... Qxb3 $19 {and Black stays clearly on top. White must now prevent ...Qd5.} 37. Rxd4 Ra1+ 38. Kg2 Qb7+ 39. Kh3 Qc8+ 40. Kg2 Qc6+ 41. f3 Qc5) 37. Qc4 Kh7 38. b4 Rb5 39. Qxd4 Rxb4 40. Qa1 Qb6 41. Qa2 Qf6 (41... Kg7 $142 {aiming for ...Rb2.} 42. Qa1+ Kh7) 42. Rd2 (42. Qa1 $142 Qb6 43. Qa2) 42... Kg7 43. h4 h5 44. Kh2 Rb5 45. Qc2 Rf5 46. Kg1 a5 47. Qa4 Qc3 48. Ra2 Qe1+ 49. Kg2 Qb4 50. Qd1 Qe4+ 51. Kh2 Rd5 52. Qa1+ Qe5 53. Qc1 Qf6 54. Qe1 Rf5 (54... Qb6 $19 55. Kg2 Qc6) 55. Kg1 (55. Rxa5 $17 Rxf2+ 56. Kg1) 55... Qe5 56. Qd2 Kh7 57. Ra3 Qd5 58. Rd3 Qc5 59. Rd8 {[#]} Qe5 (59... a4 $1 $19 {has better winning chances.} 60. Rd3 Qb5) 60. Ra8 Qc7 61. Qb2 {[%csl Ga8][%cal Rb2h8]} Qe5 62. Qd2 $1 Qa1+ ({Black should try} 62... Kg7 $17) 63. Kh2 $2 {[#]} (63. Kg2 $1 $11) 63... a4 $2 (63... Qf6 $1 $17 64. Kg1 Qb6) 64. Kg2 $1 $11 {The position is equal.} a3 65. Qe3 Qb2 {Strongly threatening ...Qb7+.} 66. Rxa3 Rxf2+ 67. Qxf2 Qxa3 68. Qxf7+ {KQ-KQ} Kh6 69. Qf4+ Kh7 70. Qc7+ Kh6 71. Qe5 {[%cal Re5h8]} Kh7 {Accuracy: White = 47%, Black = 56%.} 1/2-1/2

[Event "GCT Cote d Ivoire Blitz 2019"]
[Site "Abidjan"]
[Date "2019.05.11"]
[Round "9"]
[White "Karjakin, Sergey"]
[Black "Ding, Liren"]
[Result "0-1"]
[WhiteElo "2773"]
[BlackElo "2786"]
[Annotator "TA"]
[PlyCount "74"]
[EventDate "2019.05.05"]
[EventType "tourn"]
[EventCountry "IVO"]
[SourceTitle "playchess.com"]
[Source "ChessBase"]
[SourceQuality "1"]

{[%evp 13,82,0,0,0,6,0,19,17,14,2,10,11,18,14,25,33,19,25,18,0,0,0,9,0,0,-31,-18,-109,-112,-152,-110,-104,-45,-47,0,-171,-179,-222,-207,-218,0,-583,-646,-643,-597,-605,-595,-574,-496,-505,-512,-666,-687,-802,-905,-892,-846,-741,-758,-719,-643,-899,-872,-868,-838,-845,-822,-920,-853,-29980,-29981]} 1. e4 e5 2. Nf3 Nc6 3. Bb5 a6 4. Ba4 Nf6 5. d3 b5 6. Bb3 Bc5 7. c3 d6 8. h3 {C77: Ruy Lopez: 3...a6 4 Ba4 Nf6, unusual lines} (8. Bg5 h6 9. Bh4 O-O 10. Nbd2 Be6 11. O-O Bb6 12. Re1 Bxb3 13. Nxb3 Nb8 14. d4 Nbd7 15. a4 Re8 {½-½ (67) Carlsen,M (2842)-Mamedyarov,S (2801) Biel 2018}) 8... O-O 9. Nbd2 Be6 10. Bxe6 $146 {The position is equal.} ({Predecessor:} 10. Bc2 h6 11. Nf1 d5 12. Qe2 dxe4 13. dxe4 Bc4 14. Qd2 Qe7 15. Nh4 Rad8 {0-1 (25) Blitsas,O (1553)-Gheng,D (1920) Miercurea Ciuc 2018}) 10... fxe6 11. O-O Nh5 12. b4 Bb6 13. a4 Nf4 14. Nb3 Rb8 15. Kh2 Qf6 16. Ng1 Qg6 {[%csl Gf4][%cal Rg6g2]} 17. Bxf4 $1 Rxf4 $40 {[%mdl 128] White needs to defend precisely.} 18. axb5 axb5 19. Nf3 Rbf8 20. Nbd2 (20. Nc1 $1 $11) 20... Qh5 $17 21. Qb3 R4f6 22. Kh1 g5 (22... Ne7 $17 {And now ...Ng6 would win.} 23. Nh2 Qh6) 23. Nh2 $1 $15 Qe2 24. Ndf3 $2 (24. Rfd1 $1 $11 {and White is okay.}) 24... Qxd3 $19 25. Nxg5 {[#]} Nd4 $1 {[%cal Rd4b3,Bc6d4,Bd4e2,Be2c3][%mdl 608] Pin} 26. Qb2 {[#]} (26. cxd4 Qxb3) 26... Qe2 $2 ({Better is} 26... Ne2 $1 $19 {[%cal Re2g3]} 27. Ngf3 Rg6) 27. Ra2 $2 {[%mdl 8192]} (27. Qb1 $11 Qh5 28. cxd4 Qxg5 29. dxe5) 27... Rxf2 $1 28. Rxf2 Rxf2 29. Qxe2 Nxe2 30. Ra8+ Rf8 31. Rxf8+ Kxf8 {[%cal Re2g3][%mdl 4096] Endgame KBN-KNN} 32. Ng4 Ke7 33. h4 h5 34. Nh6 Nxc3 35. Ng8+ Kf8 36. Nf6 Be3 37. Nxe6+ Ke7 {Played: Kf8-f7} 0-1

[Event "GCT Cote d Ivoire Blitz 2019"]
[Site "Abidjan"]
[Date "2019.05.11"]
[Round "9"]
[White "So, Wesley"]
[Black "Amin, Bassem"]
[Result "1/2-1/2"]
[WhiteElo "2772"]
[BlackElo "2683"]
[Annotator "TA"]
[PlyCount "79"]
[EventDate "2019.05.05"]
[EventType "tourn"]
[EventCountry "IVO"]
[SourceTitle "playchess.com"]
[Source "ChessBase"]
[SourceQuality "1"]

{[%evp 26,79,31,12,39,46,38,14,47,28,46,52,28,39,48,33,45,43,58,23,25,-20,-10,-14,-17,-19,-23,-34,-26,-30,-26,-65,-68,-64,-63,-68,-62,-84,0,0,0,0,75,9,70,0,39,31,33,0,0,0,35,0,0,0]} 1. e4 e5 2. Nf3 Nc6 3. Bb5 a6 4. Ba4 Nf6 5. O-O Be7 6. Re1 b5 7. Bb3 d6 8. c3 O-O 9. h3 Nb8 10. d4 Nbd7 11. Nbd2 Bb7 12. Bc2 Re8 13. a4 Bf8 14. Bd3 b4 {C95: Closed Ruy Lopez: Breyer Variation with 10 d4} (14... c6 15. b3 g6 16. Qc2 Nh5 17. Bf1 Nf4 18. g3 Ne6 19. Bb2 Bg7 20. b4 Nb6 21. axb5 axb5 22. dxe5 Rxa1 23. Rxa1 dxe5 24. c4 Nd4 25. Bxd4 exd4 {½-½ (73) Inarkiev,E (2684)-Alekseenko,K (2621) Yaroslavl 2018}) 15. Qc2 d5 16. dxe5 Nxe5 17. Nxe5 Rxe5 18. Nf3 {[%cal Bd2f3,Bf3d4,Bd4b3][%mdl 32]} Rxe4 19. Bxe4 dxe4 20. Nd4 $146 ({Predecessor:} 20. Nh2 bxc3 21. bxc3 Nd7 22. f3 {0-1 (47) Abhishek,K (2277)-Laxman,R (2456) Kolkata 2012}) 20... Qd5 21. Be3 c5 22. Nb3 {And now Na5 would win.} c4 23. Nd4 b3 $36 {[%mdl 2048] Black is more active.} 24. Qe2 Nd7 $1 25. Rad1 Ne5 $1 26. Nxb3 $1 Nd3 27. Nc1 Bc6 28. b3 cxb3 {aiming for ...b2.} 29. c4 Qxc4 {[#] ...Rd8 is the strong threat.} 30. Nxd3 exd3 31. Qxd3 Qxd3 (31... Qxa4 $17 32. Rb1 Rb8) 32. Rxd3 $11 Bxa4 33. Rb1 Rb8 {[#]} (33... a5 $11) 34. Bf4 (34. Rd4 $1 $16 {[%cal Rd4a4]} Bc6 35. Bf4) 34... Rb4 (34... Rb6 $1 $11) 35. Bd6 ({Better is} 35. Bc1 $1 $14) 35... Rb6 36. Bxf8 Kxf8 37. Rd4 Bc6 38. Rd3 Ba4 39. Rd4 {[%mdl 1024] White has compensation.} Bc6 {White must now prevent ...a5.} 40. Rd3 {Accuracy: White = 50%, Black = 43%.} 1/2-1/2

[Event "GCT Cote d Ivoire Blitz 2019"]
[Site "Abidjan"]
[Date "2019.05.11"]
[Round "9"]
[White "Topalov, Veselin"]
[Black "Wei, Yi"]
[Result "0-1"]
[WhiteElo "2736"]
[BlackElo "2737"]
[Annotator "TA"]
[PlyCount "94"]
[EventDate "2019.05.05"]
[EventType "tourn"]
[EventCountry "IVO"]
[SourceTitle "playchess.com"]
[Source "ChessBase"]
[SourceQuality "1"]

{[%evp 22,94,26,13,20,22,31,32,34,28,27,27,26,28,31,17,16,0,29,13,13,6,26,10,22,21,40,56,53,54,39,43,62,60,97,97,314,315,316,311,311,291,288,303,272,274,253,0,2368,0,0,0,1,-37,-41,-37,-39,-101,-82,-82,-82,-114,-118,-285,-96,-82,-100,-285,-266,-501,-451,-901,-820,-885,-822]} 1. c4 c5 2. g3 g6 3. Bg2 Bg7 4. Nc3 Nc6 5. b3 d6 6. Bb2 e5 7. e3 Nge7 8. Nge2 O-O 9. d3 a6 10. Qd2 Rb8 11. O-O b5 12. Nd5 Be6 {A36: Symmetrical English vs ...g6: 4 Bg2 Bg7} (12... Nxd5 13. cxd5 Na7 14. Rac1 b4 15. d4 cxd4 16. exd4 a5 17. dxe5 dxe5 18. d6 Nb5 19. Rfd1 Bd7 20. Rc5 {0-1 (80) Paragua,M (2497)-Sasikiran,K (2664) Ha Long City 2009}) 13. Rae1 $146 ({Predecessor:} 13. Rac1 Qd7 {1-0 (61) Markowski,T (2558)-Sliwicka,A (2337) Bialystok 2017}) 13... Qd7 14. f4 f5 {White is slightly better.} 15. Nec3 Kh8 16. Nxe7 Nxe7 17. Nd5 Rbe8 18. Qa5 Nc6 19. Qd2 (19. Qxa6 $2 Bxd5 20. Bxd5 Nb4 $17) 19... Ne7 20. Kh1 Nxd5 21. cxd5 Bg8 22. e4 exf4 23. gxf4 fxe4 24. dxe4 Bxb2 25. Qxb2+ Qg7 26. Qd2 g5 27. fxg5 Re5 28. h4 $1 h6 $2 (28... Rfe8 $16 {was called for.}) 29. gxh6 $18 Rxf1+ 30. Rxf1 Qg6 31. Qf4 Rh5 32. Qf6+ $1 Kh7 33. Qe7+ Kh8 34. e5 $2 ({Only move:} 34. Rf6 $1 $18 {[%cal Rf6g6]} Qg5 35. Qg7+ $1 {[%mdl 512]} (35. Qxd6 Qxh4+ 36. Kg1 Qe1+ 37. Rf1 Qe3+ {[%mdl 64] Double Attack} 38. Rf2 Qc1+ 39. Bf1 Qg5+ 40. Rg2 Qe3+ {[%mdl 64] Double Attack} 41. Rf2 Rg5+ 42. Bg2 Qe1+ 43. Rf1 Qe3+ 44. Rf2 Qe1+ 45. Rf1 Qe3+ 46. Rf2 $11) 35... Qxg7 36. hxg7+ Kxg7 37. Rxd6) 34... Qxh6 $2 {[%mdl 8192]} (34... Rxe5 $11 35. Qd8 Qxh6) 35. Qf6+ $2 (35. exd6 $18 Rxd5 36. Bxd5 Bxd5+ 37. Kg1 Qg6+ 38. Qg5 Qxg5+ 39. hxg5) 35... Qxf6 $11 36. Rxf6 dxe5 {[%mdl 4096] Endgame KRB-KRB} 37. d6 {Threatens to win with Kg1.} Rxh4+ 38. Kg1 {Strongly threatening d7.} Rd4 39. Rf5 (39. d7 $15 Rxd7 40. Rxa6) 39... c4 40. bxc4 Bxc4 41. Rxe5 Rxd6 ({Don't play} 41... Bxa2 42. Bc6 $15) 42. a3 $2 {[#]} (42. Bb7 $17) 42... Rd1+ $2 (42... Rd3 $1 $19 {is more deadly.} 43. Rh5+ Kg7) 43. Kf2 $17 Rd2+ 44. Kg1 $2 (44. Kg3 $17 {might work better.}) 44... Rd3 $19 45. Re8+ $2 (45. Kf2) 45... Kg7 {Black is clearly winning.} 46. Re7+ (46. a4 $142 bxa4 47. Re1) 46... Kf6 47. Ra7 Rxa3 {Accuracy: White = 33%, Black = 54%.} 0-1

[Event "GCT Cote d Ivoire Blitz 2019"]
[Site "Abidjan"]
[Date "2019.05.12"]
[Round "10"]
[White "Carlsen, Magnus"]
[Black "Amin, Bassem"]
[Result "1-0"]
[WhiteElo "2867"]
[BlackElo "2683"]
[Annotator "TA"]
[PlyCount "75"]
[EventDate "2019.05.05"]
[EventType "tourn"]
[EventCountry "IVO"]
[SourceTitle "playchess.com"]
[Source "ChessBase"]
[SourceQuality "1"]

{[%evp 30,75,31,15,33,27,25,23,30,25,32,18,17,18,78,88,90,97,141,128,168,172,212,218,205,0,22,7,12,14,18,12,209,210,210,207,212,185,1072,1057,1104,1090,1004,1069,1054,1083,1159,1139]} 1. e4 e5 2. Nf3 Nc6 3. Bb5 a6 4. Ba4 Nf6 5. O-O Be7 6. Re1 b5 7. Bb3 d6 8. c3 O-O 9. h3 Nb8 10. d4 Nbd7 11. Nbd2 Bb7 12. Bc2 Re8 13. Nf1 Bf8 14. Ng3 g6 15. Bg5 h6 16. Bd2 exd4 {C95: Closed Ruy Lopez: Breyer Variation with 10 d4} (16... Bg7 17. Qc1 Kh7 18. a4 Nb6 19. axb5 axb5 20. Rxa8 Bxa8 21. b3 Nbd7 22. Bd3 c6 23. Qc2 Bb7 24. Be3 d5 25. dxe5 dxe4 26. Nxe4 Nxe4 27. Bxe4 Nxe5 28. Nxe5 Rxe5 {½-½ (34) Leko,P (2691)-Oparin,G (2609) Linares 2018}) 17. cxd4 c5 18. d5 Bg7 {White has an edge.} 19. Bf4 Qe7 {[#]} 20. a4 $146 ({Predecessor:} 20. Qd2 Qf8 21. Rad1 Nb6 22. Qc1 Rac8 23. Nf1 a5 24. N1h2 {½-½ (47) Ali Marandi,C (2552)-Kevlishvili,R (2451) Saint Louis 2018}) 20... Nb6 21. b3 bxa4 (21... b4 $11) 22. bxa4 $16 a5 23. Rb1 Nfd7 24. Qc1 $1 Kh7 25. h4 $1 Ba6 26. h5 Nc4 27. Nf1 $2 (27. hxg6+ $1 $18 fxg6 28. Nf5 $1 {[%mdl 512]}) 27... Rab8 28. Rxb8 Rxb8 29. Bd3 Rb4 30. N1h2 Rxa4 $2 (30... Bb2 $1 $11 {and Black stays safe.} 31. Qd1 Bg7) 31. hxg6+ fxg6 {[#]} 32. e5 $1 {[%mdl 512]} Ndxe5 (32... Ncxe5 33. Bxa6) 33. Bxg6+ Nxg6 $2 (33... Kg8) 34. Rxe7 $18 {White is clearly winning.} Nxe7 35. Qc2+ {[%mdl 64] Double Attack} Ng6 36. Qxa4 Nxf4 37. Qc6 Ne2+ 38. Kh1 {Accuracy: White = 82%, Black = 28%.} 1-0

[Event "GCT Cote d Ivoire Blitz 2019"]
[Site "Abidjan"]
[Date "2019.05.12"]
[Round "10"]
[White "Nepomniachtchi, Ian"]
[Black "Ding, Liren"]
[Result "1-0"]
[WhiteElo "2776"]
[BlackElo "2786"]
[Annotator "TA"]
[PlyCount "113"]
[EventDate "2019.05.05"]
[EventType "tourn"]
[EventCountry "IVO"]
[SourceTitle "playchess.com"]
[Source "ChessBase"]
[SourceQuality "1"]

{[%evp 19,113,17,25,0,0,0,0,0,0,-1,45,12,18,0,20,16,47,0,3,20,80,95,99,43,35,-21,-14,-13,-18,-25,-19,-87,-87,-91,-94,-85,-87,-128,-136,-134,-129,-167,-123,-191,-158,-162,-91,-89,-83,-87,-89,-83,0,0,180,0,212,212,212,212,212,212,211,0,638,82,638,638,623,227,566,215,181,0,705,705,639,581,500,0,357,255,1078,1029,722,368,352,308,295,295,29970,29973,29970,29972,5197,5189]} 1. e4 e5 2. Nf3 Nc6 3. Bb5 a6 4. Ba4 Nf6 5. O-O Be7 6. Re1 b5 7. Bb3 O-O 8. d4 d6 9. c3 Bg4 10. Be3 Bh5 11. h3 {C91: Closed Ruy Lopez: 7...d6 8 c3 0-0 9 d4} exd4 ({But not} 11... Nxe4 $2 12. Bd5 $18) 12. cxd4 d5 13. e5 {The position is equal.} Ne4 $1 14. Nbd2 a5 15. Qb1 (15. Bc2 $5 {[%cal Rd2e4]}) (15. a4 bxa4 16. Bxa4 Nb4 17. Nf1 c5 18. dxc5 Bxc5 19. Bxc5 Nxc5 20. Ng3 Bg6 {½-½ (52) Maghsoodloo,P (2649)-Ding,L (2804) Batumi 2018}) 15... Nxd2 16. Nxd2 Nb4 {And now ...Bg6 would win.} 17. f4 a4 18. Bd1 (18. Bc2 $5) 18... Bxd1 19. Rxd1 {[#]} c5 $146 (19... a3 $11) ({Predecessor:} 19... Qd7 20. f5 c5 21. dxc5 {0-1 (54) Baron,T (2553)-Buhmann,R (2640) Baku 2016}) 20. dxc5 $16 Qc7 21. Rc1 ({White should play} 21. Kh1 $16) 21... f6 $1 $14 22. e6 (22. Nf3 $14) 22... d4 $1 $11 {[%cal Rd4e3][%mdl 64] Decoy} 23. Bxd4 Qxf4 24. Nf3 Rfd8 25. a3 (25. Bf2 $11) 25... Rxd4 $17 26. axb4 Rxb4 27. c6 Rc4 28. Rxc4 Qxc4 29. Qc1 Qxe6 30. Qc2 Rc8 31. Rc1 (31. Re1 $17 {was worth a try.} Qd6 32. Qe4) 31... Bd6 32. Kh1 Bf4 (32... Qd5 $19 {...Bf4 is the strong threat.} 33. Qe2 a3 34. bxa3 Bxa3) 33. Nd4 Qe3 34. Rd1 g6 35. Qc5 {Hoping for Qd5+.} Qe4 (35... Qe5 $1 $17 {[%cal Re5c5]} 36. Qxb5 Qxb5 37. Nxb5 Rxc6) 36. Qxb5 $11 {Strongly threatening Qc4+.} Be5 $2 (36... Re8 $11 37. Nf3 Bc7) 37. Qb7 $2 ({Not} 37. Qxa4 Bxd4 38. Rxd4 Qxc6 $11) (37. Qa6 $1 $18 {[%cal Ra6c8]} Rf8 38. Qc4+ (38. Qxa4 Kh8 $16) 38... Kh8 39. Qe6) 37... Rc7 $2 (37... Rb8 $11 38. Qd7 Rxb2) 38. Qa8+ Kf7 39. Qh8 g5 {[#]} 40. Nf3 $1 {[%cal Rf3e5]} Bf4 41. Re1 $2 (41. Rd7+ $18 Rxd7 42. cxd7) 41... Qf5 $2 {[%mdl 8192]} (41... Qd3 $11) 42. Qe8+ $18 Kg7 43. Nd4 {[%cal Rd4f5]} Qd3 44. Ne6+ $40 {[%mdl 192] Double Attack. White is out for blood.} Kh6 45. Qf8+ $2 (45. h4 Qg3 46. Nxf4 gxf4 47. Qf8+ Kg6 48. Qe8+ Kh6 49. Qf8+ Kg6 50. h5+ Kxh5 51. Rf1) 45... Kg6 46. Qe8+ $2 (46. Kg1) 46... Kh6 47. Nxc7 Qg3 {[#]} 48. Kg1 $1 Bxc7 {[%mdl 4096] Endgame KQR-KQB} 49. Qe3 $2 (49. Qf8+ $18 Kg6 50. Qg8+ Kh6 51. Re7 Qh2+ 52. Kf1 Qh1+ 53. Kf2 Bb6+ 54. Kg3 Bc7+ 55. Rxc7 Qe1+ 56. Kf3 Qf1+ 57. Ke4 Qf4+ 58. Kd5 Qe5+ 59. Kc4 Qf4+ 60. Kd5 Qxc7 61. Qe6) 49... Qh2+ $2 {[%mdl 8192]} (49... Bb6 $1 $11 50. Qxb6 Qxe1+ 51. Kh2 Qe5+ 52. g3 Qe2+ 53. Kg1 Qe1+ 54. Kh2 Qe2+ 55. Kh1 Qe4+ 56. Kh2 Qe2+) 50. Kf2 Kg6 $2 (50... Qd6 51. h4 Qxc6 52. hxg5+ Kg6 53. Qe4+ Qxe4 54. Rxe4 Be5 55. Rxa4 Bxb2 56. gxf6 Bxf6) 51. Qd3+ Kh6 52. Re7 {[%csl Gd3][%cal Re7h7]} Bb6+ 53. Ke2 {[%csl Gd3][%cal Re7h7]} Qxg2+ 54. Kd1 {[%csl Gd3][%cal Re7h7]} Qh1+ $2 (54... Qg1+ $18 55. Re1 Qf2) 55. Kc2 {[%csl Gd3][%cal Re7h7]} Qxc6+ 56. Kb1 {[%csl Gd3][%cal Re7h7]} f5 57. Qxf5 {Accuracy: White = 51%, Black = 53%.} 1-0

[Event "GCT Cote d Ivoire Blitz 2019"]
[Site "Abidjan"]
[Date "2019.05.12"]
[Round "10"]
[White "Karjakin, Sergey"]
[Black "Topalov, Veselin"]
[Result "1-0"]
[WhiteElo "2773"]
[BlackElo "2736"]
[Annotator "TA"]
[PlyCount "35"]
[EventDate "2019.05.05"]
[EventType "tourn"]
[EventCountry "IVO"]
[SourceTitle "playchess.com"]
[Source "ChessBase"]
[SourceQuality "1"]

{[%evp 16,35,11,18,27,-54,-56,-51,-54,-54,-54,-54,-54,-65,234,229,755,627,647,657,759,745]} 1. e4 e5 2. Nf3 Nc6 3. Bb5 Nf6 4. O-O Nxe4 5. Re1 Nd6 6. Nxe5 Be7 7. Bf1 Nxe5 8. Rxe5 O-O 9. d4 Bf6 {C67: Ruy Lopez: Berlin Defence: 4 0-0 Nxe4} 10. Bd3 (10. Re1 $11) (10. Re1 Re8 11. c3 Rxe1 12. Qxe1 Ne8 13. d5 c6 14. Qd1 b6 15. Bf4 Bb7 16. dxc6 dxc6 17. Nd2 c5 18. Nc4 Qxd1 19. Rxd1 {½-½ (40) Anand,V (2774)-Caruana,F (2819) Karlsruhe/Baden Baden 2019}) 10... Bxe5 $15 11. dxe5 Ne8 {Black is slightly better.} 12. Nc3 {[%cal Bb1c3,Bc3e4,Be4f6][%mdl 32]} d6 13. Qh5 {[%csl Gd3][%cal Rh5h7] [#]} g6 14. Qh6 {Threatens to win with Bg5.} dxe5 $2 {[%mdl 8192]} (14... Qe7 $15 {keeps the upper hand.} 15. exd6 Nxd6) 15. Bg5 $40 {[%mdl 128] [#] Black is in trouble.} Qd7 $146 (15... Nf6) ({Predecessor:} 15... Qd4 16. Be7 Ng7 17. Ne4 {1-0 (17) Hovhannisyan,R (2630)-Schroeder,J (2541) London 2016}) 16. Ne4 {White wants to mate with Nf6+!White is clearly winning.} f6 {[#] Hoping for ...Qf7.} 17. Bc4+ Rf7 18. Nxf6+ 1-0

[Event "GCT Cote d Ivoire Blitz 2019"]
[Site "Abidjan"]
[Date "2019.05.12"]
[Round "10"]
[White "So, Wesley"]
[Black "Vachier-Lagrave, Maxime"]
[Result "1-0"]
[WhiteElo "2772"]
[BlackElo "2792"]
[Annotator "TA"]
[PlyCount "69"]
[EventDate "2019.05.05"]
[EventType "tourn"]
[EventCountry "IVO"]
[SourceTitle "playchess.com"]
[Source "ChessBase"]
[SourceQuality "1"]

{[%evp 9,69,22,48,26,12,15,25,10,6,0,2,0,18,18,29,36,39,17,23,19,31,10,38,30,48,41,52,20,114,102,105,111,198,187,177,177,187,185,179,172,215,216,216,213,262,265,258,222,217,221,213,219,230,229,214,223,192,174,272,198,354,305]} 1. Nf3 c5 2. c4 Nf6 3. Nc3 d5 4. cxd5 Nxd5 5. e3 Nxc3 6. dxc3 {A34: Symmetrical English: 2 Nc3, lines with ...d5} (6. bxc3 {with more complications.} e6 7. d4 Qc7 8. Bb2 Bd6 9. Bd3) 6... Qc7 7. e4 e6 8. Be3 {White has an edge.} Be7 $146 ({Predecessor:} 8... Bd7 9. Nd2 Bc6 10. Qg4 Nd7 11. Qg3 O-O-O 12. Bf4 e5 13. Bg5 {½-½ (35) Svidler,P (2735)-Vachier Lagrave,M (2773) Karlsruhe/Baden Baden 2019}) 9. Be2 O-O 10. O-O Bd7 11. Qd2 Bc6 12. Bf4 $36 {[%mdl 2048] Black is under pressure.} Qa5 13. Qc2 (13. Bd3 {looks sharper.} Bb5 14. a4 Ba6 15. Qe2 Rd8 16. Bb5) 13... Qa4 14. Qxa4 Bxa4 15. Nd2 Nd7 16. Nc4 b6 17. f3 g5 18. Bg3 f5 (18... h5 $11) 19. exf5 $16 exf5 20. Rfe1 {[#] Black must now prevent Bd1.} f4 (20... Rfe8 $16) 21. Bd1 $18 Bxd1 22. Raxd1 ({Worse is} 22. Rexd1 Rfd8 $11) 22... fxg3 23. hxg3 ({Don't play} 23. Rxe7 $6 gxh2+ 24. Kxh2 Nf6 $16) 23... Bf6 {[#] aiming for ...Rad8.} 24. Rxd7 Rf7 25. Rxf7 Kxf7 {[%mdl 4096] Endgame KRB-KRN} 26. Nd6+ Kg6 27. Re6 Kg7 28. Ne8+ Kf7 29. Rxf6+ Kxe8 {KR-KR} 30. Rh6 Rd8 31. Rxh7 Rd2 32. Rxa7 Rxb2 33. g4 c4 (33... Rc2 {keeps fighting.} 34. Rb7 Rxc3 35. Rxb6 Rd3) 34. Kh2 b5 $2 (34... Rc2 35. Rb7 Rxc3) 35. Rg7 {Accuracy: White = 69%, Black = 40%.} 1-0